| 000 | 01042naa a22003017a 4500 | ||
|---|---|---|---|
| 001 | BR8903631 | ||
| 003 | BR-BrBNA | ||
| 005 | 20240918180507.0 | ||
| 007 | ta | ||
| 008 | 230509b bl.||||| |||| 00| 0 por d | ||
| 040 |
_aBR-BrBNA _bpor _cBiblioteca Nacional de Agricultura |
||
| 041 | _a(Pt) | ||
| 072 |
_aL53 _b5212 |
||
| 090 | _aL53 BR8903631 | ||
| 100 | 1 | _aFerreira, A. de M. | |
| 245 | 1 | _aFisiologia da reproducao e disturbios reprodutivos em femeas bovinas | |
| 260 | 3 |
_aBelo Horizonte, MG (Brasil): _c1985. |
|
| 500 | _a1. Curso de Treinamento em Reproducao e Inseminacao Artificial Belo Horizonte, MG (Brasil): 1985. p. 1-15 (BR8903631-AM)L53 | ||
| 650 | _aBOVINO | ||
| 650 | _aFEMEA | ||
| 650 | _aDISTURBIO ANIMAL | ||
| 650 | _aREPRODUCAO ANIMAL | ||
| 650 | _aEFICIENCIA REPRODUTIVA | ||
| 650 | _aCICLO ESTRAL | ||
| 773 | 0 |
_t1. Curso de Treinamento em Reproducao e Inseminacao Artificial _b _wL53 BR8903631 _gBelo Horizonte, MG (Brasil), 1985. p. 1-15 |
|
| 909 |
_a202404 _bLucia _c55 _dLucia Elande |
||
| 942 |
_cAM _2AGRIS |
||
| 999 |
_c320665 _d320665 |
||